01241nam a2200289 a 450000100100000000500170001000800410002702000150006804000250008308200150010824500320012326000720015530000180022749000570024550000280030250501000033050400730043050400550050365000430055870000320060170000310063371000600066483000600072491000370078495201130082199900170093400004167220201002035711.0131015s1999 sp 000 0 spa d a8481643335 aDO-SdBNPbspacBNPHU a401bF488L00aFilosofía del lenguaje /. aMadrid :bConsejo Superior de Investigaciones Científicas,c1999. a2v. ;c24 cm.1 aEnciclopedia Iberoaméricana de Filosofíav16, 18 aLa biblioteca posee v.20 gv.1.tSemántica /redición Marcelo Dascalgv.2.tPragmática/redición Juan José Acero aIncluye referencias bibliográficas y notas al pie de las páginas aIncluye bibliografía al final de los capítulos 4aLenguaje y lenguasxFilosofía92787712aDascal, Marceloeed.96846912aAcero, Juan José.9684702 aConsejo Superior de Investigaciones Científicas94786 0aEnciclopedia Iberoaméricana de Filosofíav18915735 aValidado. Control de calidad MFF 001050718MOaGRbGRcHDd2013-10-15iLF1l0o401 F488Lp41672-10r2020-06-25w2020-06-25y1ZNo se presta c41162d41162